Slavné nohy pokračují : kronika české a československé fotbalové reprezentace 1920-2002 /

Hlavní autor: Šálek, Jaroslav, 1931-2010
Další autoři: Šálek, Zdeněk, 1931-
Jazyk: Čeština
Vydáno: Praha : A.S. United - Nové milénium, 2002
Vydání: Vyd. 1.
Témata:
Externí odkaz: Digitalizovaný dokument
Fyzický popis: 283 s., [31] s. barev. obr. příl. ; 20 cm
Knihy
Uloženo v:
LEADER 01669nam a2200433 a 4500
001 000647341
003 CZ BrMZK
005 20040531080517.0
007 ta
008 030121s2002 xr e cze d
015 |a cnb001193925 
020 |a 80-238-9839-6 
035 |a (OCoLC)53265062 
040 |a BOA001  |b cze 
043 |a e-xr---  |a e-cs--- 
080 |a (048.8)  |2 MRF 
080 |a 796.332  |2 MRF 
080 |a 796.332.071.2  |2 MRF 
080 |a 796.332.085  |2 MRF 
080 |a (437.3)  |2 MRF 
080 |a (437)  |2 MRF 
100 1 |a Šálek, Jaroslav,  |d 1931-2010  |7 jk01122432  |4 aut 
245 1 0 |a Slavné nohy pokračují :  |b kronika české a československé fotbalové reprezentace 1920-2002 /  |c Jaroslav Šálek, Zdeněk Šálek 
250 |a Vyd. 1. 
260 |a Praha :  |b A.S. United - Nové milénium,  |c 2002 
300 |a 283 s., [31] s. barev. obr. příl. ;  |c 20 cm 
504 |a Obsahuje rejstřík 
650 0 7 |a fotbal  |7 ph114578  |z Československo  |y 1920-1992  |2 czenas 
650 0 7 |a fotbalisté  |7 ph114579  |z Česko  |2 czenas 
650 0 7 |a fotbalisté  |7 ph114579  |z Československo  |2 czenas 
650 0 7 |a fotbalové týmy  |7 ph114580  |z Česko  |2 czenas 
650 0 7 |a fotbalové týmy  |7 ph114580  |z Československo  |2 czenas 
650 0 7 |a fotbal  |7 ph114578  |z Česko  |y 1994-2002  |2 czenas 
655 7 |a přehledy  |7 fd133202  |2 czenas 
700 1 |a Šálek, Zdeněk,  |d 1931-  |7 jk01122438  |4 aut 
856 4 1 |u http://www.digitalniknihovna.cz/mzk/uuid/uuid:e771c3a0-3582-11e3-a5bb-005056827e52  |y Digitalizovaný dokument  |x NDK 
910 |a BOA001  |b 1-1111.767 
990 |a BK 
996 6 |b 2610179763  |c 1-1111.767  |l MZK  |r Sklad / do 1 hodiny  |n 0  |p p.v.  |w 000647341  |u 000010  |a 1  |e BOA001  |j MZK50  |s P